000 00315nam a2200133Ia 4500
005 20251222144634.0
008 251222s9999||||xx |||||||||||||| ||spa||
020 _a88-06-14741-2
082 _a791.437.2/V76
100 _aBenigni, Roberto
245 0 _aLa Vita é Bella
264 _bGiulio Einaudi
942 _cLIB
999 _c16426
_d16426